1969 1793 1919 1343 1339 1960 1835 1665 1639 1606 1566 1748 1076 1443 1996 1908 1693 1930 1033 1964 1692 1895 1483 1311 1406 1713 1832 1636 1674 1746 1201 1634 1353 1505 1838 1760 1392 1055 1214 1998 1283 1593 1171 1023 1307 1515 1422 1402 1714 1161 1376 1080 1576 1644 1503 1410 1351 1902 1231 1368 1694 1046 1033 1891 1355 1298 1974 1499 1516 1339 1784 1805 1753 1658 1632 1523 1910 1441 1017 1690 1384 1103 1368 1907 1746 1902 1996 1665 1413 1733 1349 1370 1825 1201 1143 1215 1880 1885 1922 BCNSPRNW ULIB Ver.6.0+V

เปลี่ยนเป็นภาษาไทย

Change to English
 แสดงรายละเอียดบรรณานุกรม
  กลับหน้าหลัก

Brief Record : Get Marc (ISO 2709) : E-mail record : QR code < ปิดหน้าต่าง
LEADER : 00000nam a2200000Ia 4500
001    13399114359
003     ULIB
008    090508s2554 th a 000 0 tha d
020    ^a9744511494
060 04 ^aWM105^bจ631ส
100 0  ^aจุฑารัตน์ สถิรปัญญา
245 10 ^aสุขภาพจิต =^bMental health /^cจุฑารัตน์ สถิรปัญญา
246 31 ^aMental health
250    ^aพิมพ์ครั้งที่ 3
260    ^aสงขลา :^bสาขาสาธารณสุขศาสตร์ คณะวิทยาการสุขภาพและการกีฬา
300    ^a194 หน้า :^bภาพประกอบ ;^c26 ซม.
500    ^aSend to Single Search
650  4 ^aสุขภาพจิต
710 2  ^aมหาวิทยาลัยทักษิณ. ^bคณะวิทยาการสุขภาพและการกีฬา.
945    ^p265^l0^i18965
945    ^p265^l0^i18966
945    ^p265^l0^i18967
995    ^a เกษร
999 ^a ใช้งานได้ทุกระบบ
รายการนี้ยังไม่มีแท็ก
คุณยังไม่ได้ล็อกอิน คุณสามารถมีกิจกรรมร่วมกับเว็บไซต์ได้ แต่ต้องล็อกอินก่อน ::
  ล็อกอิน

รายการสื่อสารสนเทศ

ลำดับที่ ประเภท เลขเรียก/บาร์โค้ด สถานที่ สถานะ
1. วิทยาศาสตร์การแพทย์ และสุขภาพ
วิทยาศาสตร์การแพทย์ และสุขภาพ
สถานะ=หนังสือเก่า
WM105 จ631ส ฉ.1 
  Barcode: 18965
ห้องสมุดวิทยาเขตนครสวรรค์
►ส่วนจัดเก็บหนังสือเก่า นว.
บนชั้น
  ขอยืม
2. วิทยาศาสตร์การแพทย์ และสุขภาพ
วิทยาศาสตร์การแพทย์ และสุขภาพ
สถานะ=หนังสือเก่า
WM105 จ631ส ฉ.2 
  Barcode: 18966
ห้องสมุดวิทยาเขตนครสวรรค์
►ส่วนจัดเก็บหนังสือเก่า นว.
บนชั้น
  ขอยืม
3. วิทยาศาสตร์การแพทย์ และสุขภาพ
วิทยาศาสตร์การแพทย์ และสุขภาพ
สถานะ=หนังสือเก่า
WM105 จ631ส ฉ.3 
  Barcode: 18967
ห้องสมุดวิทยาเขตนครสวรรค์
►ส่วนจัดเก็บหนังสือเก่า นว.
บนชั้น
  ขอยืม

รายการใกล้เคียง
    ผู้แต่ง [จุฑารัตน์ สถิรปัญญา]

    หัวเรื่อง [สุขภาพจิต]

BibComment


ยังไม่เคยถูกคอมเมนท์

คอมเมนท์ทรัพยากรรายการนี้
  คอมเมนท์: สุขภาพจิต Menta..


 Copyright 2026. Bcnsprnw @Library